01964nam a22003137a 4500003000400000005001700004008004100021040002200062082002100084100003100105245005600136260004000192300001900232366000800251490000900259505022800268505061400496505011201110505002701222650004101249650005001290650004401340650004801384650004301432650004201475650004301517650004701560650004301607OSt20230427092441.0221006b |||||||| |||| 00| 0 eng d cBiblioteca Lado V a708.972.9bB622c aBishop, Jacquelineeeditor aCalabash/bA Journal of Caribbean arts and Letters/ bNew York UniversityaNew Yorkc2000 c18x23cma155p. efre a1v1 tFictionaMommie, My Star Pupil Watching and Waiting School The Duppy Coconut Tree The Story of Dance and Rain Historie de Dance de Pluie An Excercise in Discipline The Verandah Vanishing Point On The Side Mr. Hugo tPoetryaCurry Powder moruga Alzeiheimer's Disease Anturiums The Last Resort Wrecks Cricketing Caribbean Fresco Boundaries Notes From an Emancipation Poem Stripper, Or Whats In a Name Untitled I Untitled I V The Woman Who Was Not My Gradmother What Patrimony Can do to a Body Six Ways of Envisioning Loss What i want The Spider Speaks Kamau;s Spider Sea Jazz An Attractive Middle-Aged Woman Dines Out Une Sduisante Femme On A Journey to Discover Her Caribbean Ingredient I tHink i Saw Apollo Weeping I Remember Two Seasons Two Guavas Visiting the Dead The Exile's Return The Exile tNon-Fiction aTransferring The Carribbean Babylon ti the Stage The Unbridled Sea The Visual Arts of Aruba tSupplement Catalogus 4 2Tesauro de Arte & ArquitecturaaARTE 2Tesauro de Arte & ArquitecturaaEXPOSICIONES  2Tesauro de Arte & ArquitecturaaCULTURA 2Tesauro de Arte & ArquitecturaaAPRECIACION 2Tesauro de Arte & ArquitecturaaTEORIA 2Tesauro de Arte & ArquitecturaaVIDEO 2Tesauro de Arte & ArquitecturaaMUSICA 2Tesauro de Arte & ArquitecturaaLITERATURA 2Tesauro de Arte & ArquitecturaaCARIBE